000 00589nam a2200169 a 4500
008 120416s1962 ||||||||||||||||| || u
050 _aHC 106.5 Gal
100 _aGalbraith, John Kenneth
245 1 4 _aThe affluent society
260 _aLondon
_bHamiah Hamilton
_c1962
300 _axii, 288p.
350 _a0.00
650 _aECONOMICS--UNITED STATES
650 0 _aECONOMICS
650 _aUNITED STATES--ECONOMIC CONDITIONS
995 _D0.00
_FCBU-MAIN LIBRARY (Kitwe)
_H1
_I4.00
_M1
_UAVAILABLE
_ZMain Library Open Access Collection
999 _c33649
_d33649